| 000 | 00548nam a2200157Ia 4500 | ||
|---|---|---|---|
| 008 | 230907s9999||||xx |||||||||||||| ||und|| | ||
| 082 |
_a621.3 _bFAR |
||
| 100 |
_aMuhammad Farooq Umar (2016-NUST-MS-EE (P)-171307) _9116413 |
||
| 245 | 0 | _aIndustrial Grade Multi-Purpose Test Bed for Electric Machine Characterization and Control Development / | |
| 260 |
_aUSPCAS-E, NUST, _bIslamabad : _c2018 |
||
| 300 | _a56 p. | ||
| 520 | _aTH-121 | ||
| 650 |
_aMS-EEP Thesis MS Thesis _9116414 |
||
| 700 |
_aDr Syed Ali Abbas Kazmi _9117439 |
||
| 942 |
_cTHE _2ddc |
||
| 999 |
_c601800 _d601800 |
||